L'assedio di Firenze : volume secondo /

محفوظ في:
التفاصيل البيبلوغرافية
المؤلف الرئيسي: Guerrazzi, Francesco Domenico (autor)
التنسيق: كتاب
اللغة:الإيطالية
الموضوعات:
الوسوم: إضافة وسم
لا توجد وسوم, كن أول من يضع وسما على هذه التسجيلة!

MARC

LEADER 00000nam^a2200000^a^4500
001 000379578
005 20250526000000.0
009 20260310120530.715
037 |a Acervo Xavier Clavigero 
041 |a ITA 
082 |a 853.  |b GUE V. 2 
100 |a Guerrazzi, Francesco Domenico  |e (autor) 
240 1 2 |a [L'assedio di Firenze] 
240 1 4 |a [El asedio de Florencia] 
245 1 1 |a L'assedio di Firenze :  |b volume secondo /  |c F.D. Guerrazzi. 
264 |a Milán, Italia :  |b Casa Editrice M. Guigoni,  |c 1874 
300 |a 210 p. ;  |c 15.5 cm. 
336 |a texto  |b txt  |2 rdacontenido 
337 |a sin mediación  |b n  |2 rdamedio 
338 |a volumen  |b nc  |2 rdasoporte 
561 |a Ex libris de Bibl. Domus. San Cayetano 
562 |a Falta página: 211 
649 |a XX 
650 |a Novela Italiana 
650 |a Literatura Italiana -  |y Siglo XIX 
650 |a Novela Histórica 
650 |a Literatura e Historia 
650 |a Florencia, Italia -  |x Historia -  |y Renacimiento, 1402-1559 
650 |a Florencia, Italia -  |x Historia -  |y 1494-1559 
650 |a Italia -  |x Historia -  |y Renacimiento, 1402-1559 
650 |a Italia -  |x Historia -  |y 1494-1559 
910 |a Fondo General 
920 |a Impresos - Libros 
930 |a Libros Antiguos y Raros 
940 |a Literatura 
905 |a 108 
901 |a 0500274544  |b IT2  |c LRA  |u 20250526 
902 |a https://opac.biblio.iteso.mx/vufind/Record/000379578